Score 0/18 Timer 02:00
2 Plays Today
3-Letter Answer Clue % Correct
• Buzzing insect •• BEE •
98%
Golf ball perchTEE
97.7%
Digit of the footTOE
97.4%
Monetary unit of JapanYEN
94.9%
A very large weightTON
94.6%
___ QuixoteDON
94.1%
Wolf's abodeDEN
93.9%
Male childSON
92.7%
• Speak words out loud •• SAY •
90.7%
3-Letter Answer Clue % Correct
• Hither and ___• YON •
89.6%
A type of beanSOY
89%
Spreadable fruitJAM
86.1%
• A singular Toronto MLB player •• JAY •
82.7%
Fall behindLAG
82.6%
• Pronounced as 'Zed' in British English •• ZEE •
79.2%
A stage of a raceLEG
78.8%
A hasty escapeLAM
75.4%
Side protected from the windLEE
72.8%

Today's Daily Dose

You're not logged in!

Compare scores with friends on all Sporcle quizzes.
OR
Log In

Sporcle TV

Today on Sporcle TV


Watch our educational content, quiz creation guides, and fun videos on Sporcle TV.

Show Comments

Extras

Top Quizzes Today


Score Distribution

Paid Content

Your Account Isn't Verified!

In order to create a playlist on Sporcle, you need to verify the email address you used during registration. Go to your Sporcle Settings to finish the process.

Report this User

Report this user for behavior that violates our Community Guidelines.

Details: